| 000 | 00766cam a2200181 a 4500 | ||
|---|---|---|---|
| 020 | _a0872626474 (pbk.) | ||
| 082 | 0 |
_a624.55 _bCAB _cL-NUST, P-19 |
|
| 245 | 1 | 0 |
_aCable stayed bridges : _bproceedings of a session sponsored by the Structural Division of the American Society of Civil Engineers in conjunction with the ASCE National Convention, Nashville, Tennessee, May 9, 1988 / _cedited by Carl C. Ulstrup. |
| 260 |
_aNew York, N.Y. : _bThe Society, _cc1988. |
||
| 300 |
_av, 65 p. : _bill. ; _c22 cm. |
||
| 500 | _aIncludes indexes. | ||
| 526 |
_a0 _b0 _c0 _d624_550000000000000_CAB |
||
| 650 | 0 |
_aCable-stayed bridges _943432 |
|
| 650 | 0 |
_aNUST _96342 |
|
| 700 | 1 |
_aUlstrup, Carl C. _946619 |
|
| 710 | 2 |
_aAmerican Society of Civil Engineers. _9702 |
|
| 942 |
_2ddc _cBK |
||
| 999 |
_c549911 _d549911 |
||